000 03706nam0a2200373 4500
001 RU\NLR\BIBL_A\012891300
005 20250130130131.0
010 _a978-5-6047358-8-6
_9500
021 _aRU
_bКН-П-22-049754
_9КН-П-22-4317
035 _a(NLR Aleph) 012891300
035 _a(RuMoRGB)011159767
090 _a12552176
_c12552176
100 _a20220920d2022 k y0rusy50 ca
101 0 _arus
102 _aRU
105 _ay z 000zy
181 0 _ai
_baxxe
182 0 _an
200 1 _aПроблемы конституционно-правового развития России
_eсборник научных статей по материалам всероссийской научно-практической конференции, посвященной Дню Конституции Российской Федерации (13 декабря 2021 г.)
_fМинистерство науки и высшего образования Российской Федерации, Ростовский государственный экономический университет (РИНХ), Юридический факультет, Ростовское региональное отделение Общероссийской общественной организации "Ассоциация юристов России"
_gредакционная коллегия: доктор юридических наук, профессор А. Н. Позднышов (ответственный редактор) [и др.]
203 _aТекст
_bвизуальный
_cнепосредственный
210 _aРостов-на-Дону
_cАзовПринт
_d2022
215 _a259 с.
_d20
320 _aБиблиогр. в конце ст.
330 _aВ сборник научных статей вошли материалы Всероссийской научно-практической конференции "Проблемы конституционно-правового развития России" (13 декабря 2021 г., г. Ростов-на-Дону), посвященной вопросам становления и развития российского конституционализма, конституционализации российской правовой системы. Сборник предназначен для преподавателей, студентов. аспирантов юридических вузов и факультетов, а также всех, интересующихся вопросами конституционно-правового развития Российской Федерации
606 1 _aКонституционное право
_jСъезды, совещания и т.п
_yРоссийская Федерация
_92073864
_3RU\NLR\AUTH\661248813
686 1 _aХ620я431
702 1 _aПозднышов
_bА. Н.
_gАлексей Николаевич
_4340
711 1 2 _a"Проблемы конституционно-правового развития России", всероссийская научно-практическая конференция
_eРостов-на-Дону
_f2021
_9811845
_3RU\NLR\AUTH\880572791
712 0 2 _4570
_aРостовский государственный экономический университет
_bЮридический факультет
_cРостов-на-Дону
_9578821
_3RU\NLR\AUTH\8810039892
942 _cBOOK
980 _aNB